| 000 | 00629 a2200193 4500 | ||
|---|---|---|---|
| 020 | _aS/N | ||
| 040 | _aULA-LD-MS | ||
| 082 |
_a658/SIL/I _b043.2 |
||
| 100 |
_91071 _aSILVA, Serafim Augusto da |
||
| 245 | _a" Os Impactos dos Treinamentos nos Recursos Humanos na Sobrevivencia das Organizações: Um Estudo de Caso da Clinica Sagrada Esperança na Cidade de Luanda - Provincia de Luanda" | ||
| 250 | _aS/N | ||
| 260 |
_aLuanda _bS/Edt. _c2018 |
||
| 300 | _a78p. | ||
| 600 | 0 | _aSILVA, Serafim Augusto da | |
| 650 | _aGestão de Recursos Humanos | ||
| 700 | _aSerafim Augusto da Silva | ||
| 942 | _cTFC | ||
| 999 |
_c2248 _d2248 |
||